000 00908nam a2200265 a 4500
005 20200104041601.0
008 131118b2007 ck ||||| |||| 00| 0 spa d
020 _a9789589645062
040 _aCO-BoIAVH
_cCO-BoIAVH
041 0 _aspa
044 _ack
082 0 4 _a597.92
_bC82t
100 1 _aCorredor , Germán
245 1 0 _aTortugas del Valle del Cauca
260 _aSantiago de cali :
_bCorporación Autónoma Regional del Valle del Cauca,
_c2007.
300 _a74 páginas :
_bFotografías ;
_c23 x 17 cm
650 1 7 _aTorugas
_zValle del Cauca
_zColombia
650 2 7 _aTortugas
_xclasificación
650 2 7 _aConservación de la vida silvestre
700 1 _aKattan, Gustavo
700 1 _aGalvis Rizo, Carlos Andrés
700 1 _aAmorocho, Diego
710 2 _aCorporación Autónoma Regional del Valle del Cauca - CVC
942 _cLIBRO
_2ddc
999 _c5652
_d5652